Behavior and life (Record no. 48057)
[ view plain ]
| 000 -LEADER | |
|---|---|
| fixed length control field | 00566 a2200205 4500 |
| 041 ## - LANGUAGE CODE | |
| Language code of text/sound track or separate title | Eng. |
| 082 ## - DEWEY DECIMAL CLASSIFICATION NUMBER | |
| Classification number | 150 |
| Item number | B83b |
| -- | G. |
| 100 ## - MAIN ENTRY--PERSONAL NAME | |
| Personal name | Bruno, Frank Joe |
| 9 (RLIN) | 2646 |
| 245 ## - TITLE STATEMENT | |
| Title | Behavior and life |
| Remainder of title | an introduction to psychology |
| 260 ## - PUBLICATION, DISTRIBUTION, ETC. | |
| Place of publication, distribution, etc. | New York |
| Name of publisher, distributor, etc. | John Wiley and Sons |
| Date of publication, distribution, etc. | 1980 |
| 300 ## - PHYSICAL DESCRIPTION | |
| Extent | xiii,660p; illus |
| 504 ## - BIBLIOGRAPHY, ETC. NOTE | |
| Bibliography, etc. note | Includes bibliography |
| 650 ## - SUBJECT ADDED ENTRY--TOPICAL TERM | |
| Topical term or geographic name entry element | Behaviour psychology |
| 9 (RLIN) | 504 |
| 650 ## - SUBJECT ADDED ENTRY--TOPICAL TERM | |
| Topical term or geographic name entry element | Emotion |
| 9 (RLIN) | 544 |
| 650 ## - SUBJECT ADDED ENTRY--TOPICAL TERM | |
| Topical term or geographic name entry element | Motivation |
| 9 (RLIN) | 222 |
| 650 ## - SUBJECT ADDED ENTRY--TOPICAL TERM | |
| Topical term or geographic name entry element | Human development |
| 9 (RLIN) | 413 |
| 650 ## - SUBJECT ADDED ENTRY--TOPICAL TERM | |
| Topical term or geographic name entry element | Sexual behaviour |
| 9 (RLIN) | 2368 |
| 653 ## - INDEX TERM--UNCONTROLLED | |
| Uncontrolled term | Psychology |
| 942 ## - ADDED ENTRY ELEMENTS (KOHA) | |
| Source of classification or shelving scheme | Dewey Decimal Classification |
| Koha item type | General Collections |
| Withdrawn status | Lost status | Source of classification or shelving scheme | Damaged status | Not for loan | Home library | Current library | Date acquired | Total Checkouts | Full call number | Barcode | Date last seen | Date last checked out | Price effective from | Koha item type |
|---|---|---|---|---|---|---|---|---|---|---|---|---|---|---|
| Dewey Decimal Classification | Tribhuvan University Central Library | Tribhuvan University Central Library | 12/02/2010 | 3 | 150 B83b | 91575 | 09/09/2018 | 08/12/2018 | 12/02/2010 | General Collections |
